Sports Quiz

Random Sports or NFL Quiz

Super Bowl Winning NFL Quarterbacks Slideshow Quiz Stats

Quiz not verified by Sporcle

Challenge
Share
Tweet
Score 0/31 Timer 07:00
0 Plays Today
% Correct
Trent Dilfer
88%
Drew Brees
76%
Joe Montana
74.4%
Eli Manning
74.4%
Peyton Manning
74.4%
Russell Wilson
72.8%
Joe Flacco
72%
Aaron Rodgers
72%
Brett Favre
72%
Ben Roethlisberger
70.4%
Troy Aikman
69.6%
Tom Brady
68.8%
Terry Bradshaw
68.8%
John Elway
68.8%
Kurt Warner
68.8%
Bart Starr
67.2%
% Correct
Joe Namath
66.4%
Steve Young
65.6%
Mark Rypien
62.4%
Jim McMahon
62.4%
Roger Staubach
61.6%
Johnny Unitas
61.6%
Ken Stabler
60.8%
Brad Johnson
60.8%
Phil Simms
60%
Doug Williams
59.2%
Bob Griese
58.4%
Joe Theismann
58.4%
Jim Plunkett
57.6%
Len Dawson
55.2%
Jeff Hostetler
49.6%

You're not logged in!

Compare scores with friends on all Sporcle quizzes.
Join for Free
OR
Log In

You Might Also Like...

Show Comments

Extras

Top Quizzes Today


Score Distribution

Your Account Isn't Verified!

In order to create a playlist on Sporcle, you need to verify the email address you used during registration. Go to your Sporcle Settings to finish the process.

Report this User

Report this user for behavior that violates our Community Guidelines.

Details: